书目信息 |
| 题名: |
新教育
|
|
| 作者: | 梅迪契 著 | |
| 分册: | ||
| 出版信息: | 北京 商务印书馆 1998.01 |
|
| 页数: | 122页 | |
| 开本: | 32开 | |
| 丛书名: | ||
| 单 册: | ||
| 中图分类: | G40-06 | |
| 科图分类: | ||
| 主题词: | 教育学 | |
| 电子资源: | ||
| ISBN: | 7-100-02421-8 | |
| 000 | 00518nam0 2200193 45 | |
| 001 | 0009182137 | |
| 005 | 20000918210641.6 | |
| 010 | @a7-100-02421-8@d7.50元 | |
| 100 | @a20000918d1998 km y0chiy0120 ea | |
| 101 | 0 | @achi |
| 105 | @a z 000yy | |
| 200 | 1 | @a新教育@AXin Jiao Yu@f( 法)梅迪契著@F( Fa)Mei Di Qi Zhu |
| 210 | @a北京@c商务印书馆@d1998.01 | |
| 215 | @a122页@d32开 | |
| 606 | 0 | @a教育学 |
| 690 | @aG40-06@v3 | |
| 701 | 0 | @a梅迪契@4著 |
| 801 | @aCN@bPftUser@c20000918 | |
| 905 | @b147980-982@dG40-06@eM676@f3 | |
| 新教育/( 法)梅迪契著.-北京:商务印书馆,1998.01 |
| 122页;32开 |
| ISBN 7-100-02421-8:7.50元 |
| ● |
| 相关链接 |
|
|
|
正题名:新教育
索取号:G40-06/M676
 
预约/预借
| 序号 | 登录号 | 条形码 | 馆藏地/架位号 | 状态 | 备注 |
| 1 | 147980 | 201479809 | 社科库409/409社科库 1排4列4层/ [索取号:G40-06/M676] | 在馆 | |
| 2 | 147981 | 201479818 | 社科库409/409社科库 1排4列4层/ [索取号:G40-06/M676] | 在馆 | |
| 3 | 147982 | 201479827 | 社科库409/409社科库 1排4列4层/ [索取号:G40-06/M676] | 在馆 |